<?xml version="1.0" encoding="UTF-8"?>
<record
    xmlns:xsi="http://www.w3.org/2001/XMLSchema-instance"
    xsi:schemaLocation="http://www.loc.gov/MARC21/slim http://www.loc.gov/standards/marcxml/schema/MARC21slim.xsd"
    xmlns="http://www.loc.gov/MARC21/slim">

  <leader>00977nam a22002177a 4500</leader>
  <controlfield tag="005">20240524122437.0</controlfield>
  <controlfield tag="008">230615b           ||||| |||| 00| 0 eng d</controlfield>
  <datafield tag="020" ind1=" " ind2=" ">
    <subfield code="a">9788195035128</subfield>
  </datafield>
  <datafield tag="040" ind1=" " ind2=" ">
    <subfield code="c">AL</subfield>
  </datafield>
  <datafield tag="041" ind1=" " ind2=" ">
    <subfield code="a">Kannada</subfield>
  </datafield>
  <datafield tag="082" ind1=" " ind2=" ">
    <subfield code="2">23</subfield>
    <subfield code="a">920K</subfield>
    <subfield code="b">VINN</subfield>
  </datafield>
  <datafield tag="100" ind1=" " ind2=" ">
    <subfield code="a">Vincent A and others</subfield>
    <subfield code="9">167416</subfield>
  </datafield>
  <datafield tag="245" ind1=" " ind2=" ">
    <subfield code="a">Nanu Mookha Prekshakanalla: Stan Swamy </subfield>
    <subfield code="b"> &#xCA8;&#xCBE;&#xCA8;&#xCC1; &#xCAE;&#xCC2;&#xC95; &#xCAA;&#xCCD;&#xCB0;&#xCC7;&#xC95;&#xCCD;&#xCB7;&#xC95;&#xCA8;&#xCB2;&#xCCD;&#xCB2;: &#xCB8;&#xCCD;&#xC9F;&#xCBE;&#xCA8;&#xCCD; &#xCB8;&#xCCD;&#xCB5;&#xCBE;&#xCAE;&#xCBF;</subfield>
  </datafield>
  <datafield tag="260" ind1=" " ind2=" ">
    <subfield code="a">Bengaluru</subfield>
    <subfield code="b">St Josephs College (Autonomous)</subfield>
    <subfield code="c">2022</subfield>
  </datafield>
  <datafield tag="300" ind1=" " ind2=" ">
    <subfield code="a">124 p.</subfield>
    <subfield code="b">PB</subfield>
    <subfield code="c">21x14 cm.</subfield>
  </datafield>
  <datafield tag="520" ind1=" " ind2=" ">
    <subfield code="a">Smkshipta Jeevan Charitre Nenapugalu Mattu Chintanegalu  &#xCB8;&#xC82;&#xC95;&#xCCD;&#xCB7;&#xCBF;&#xCAA;&#xCCD;&#xCA4; &#xC9C;&#xCC0;&#xCB5;&#xCA8; &#xC9A;&#xCB0;&#xCBF;&#xCA4;&#xCCD;&#xCB0;&#xCC6; &#xCA8;&#xCC6;&#xCA8;&#xCAA;&#xCC1;&#xC97;&#xCB3;&#xCC1; &#xCAE;&#xCA4;&#xCCD;&#xCA4;&#xCC1; &#xC9A;&#xCBF;&#xC82;&#xCA4;&#xCA8;&#xCC6;&#xC97;&#xCB3;&#xCC1;</subfield>
  </datafield>
  <datafield tag="650" ind1=" " ind2=" ">
    <subfield code="a">Biography</subfield>
    <subfield code="9">124076</subfield>
  </datafield>
  <datafield tag="700" ind1=" " ind2=" ">
    <subfield code="a">VINCENT (A) &amp;  THERESA (Lilly A) </subfield>
    <subfield code="9">124077</subfield>
  </datafield>
  <datafield tag="700" ind1=" " ind2=" ">
    <subfield code="a">  &#xCB5;&#xCBF;&#xCA8;&#xCCD;&#xCB8;&#xCC6;&#xC82;&#xC9F;&#xCCD; (&#xC8E; ) &amp; &#xCA4;&#xCC6;&#xCB0;&#xCC7;&#xCB8;&#xCBE;( &#xCB2;&#xCBF;&#xCB2;&#xCCD;&#xCB2;&#xCBF; &#xC8E; )</subfield>
    <subfield code="9">124078</subfield>
  </datafield>
  <datafield tag="942" ind1=" " ind2=" ">
    <subfield code="2">ddc</subfield>
    <subfield code="c">DB</subfield>
  </datafield>
  <datafield tag="999" ind1=" " ind2=" ">
    <subfield code="c">227543</subfield>
    <subfield code="d">227543</subfield>
  </datafield>
  <datafield tag="952" ind1=" " ind2=" ">
    <subfield code="0">0</subfield>
    <subfield code="1">0</subfield>
    <subfield code="2">ddc</subfield>
    <subfield code="4">0</subfield>
    <subfield code="7">0</subfield>
    <subfield code="8">OTH</subfield>
    <subfield code="a">AL</subfield>
    <subfield code="b">AL</subfield>
    <subfield code="d">2023-06-06</subfield>
    <subfield code="l">0</subfield>
    <subfield code="o">920K VINN</subfield>
    <subfield code="p">D05703</subfield>
    <subfield code="r">2023-06-15 00:00:00</subfield>
    <subfield code="w">2023-06-15</subfield>
    <subfield code="y">DB</subfield>
    <subfield code="z">Donated by St Josephs College (Autonomous)</subfield>
  </datafield>
  <datafield tag="952" ind1=" " ind2=" ">
    <subfield code="0">0</subfield>
    <subfield code="1">0</subfield>
    <subfield code="2">ddc</subfield>
    <subfield code="4">0</subfield>
    <subfield code="7">0</subfield>
    <subfield code="8">OTH</subfield>
    <subfield code="a">AL</subfield>
    <subfield code="b">AL</subfield>
    <subfield code="d">2023-06-06</subfield>
    <subfield code="l">0</subfield>
    <subfield code="o">920K VINN</subfield>
    <subfield code="p">D05700</subfield>
    <subfield code="r">2023-06-15 00:00:00</subfield>
    <subfield code="w">2023-06-15</subfield>
    <subfield code="y">DB</subfield>
    <subfield code="z">Donated by St Josephs College (Autonomous)</subfield>
  </datafield>
  <datafield tag="952" ind1=" " ind2=" ">
    <subfield code="0">0</subfield>
    <subfield code="1">0</subfield>
    <subfield code="2">ddc</subfield>
    <subfield code="4">0</subfield>
    <subfield code="7">0</subfield>
    <subfield code="8">OTH</subfield>
    <subfield code="a">AL</subfield>
    <subfield code="b">AL</subfield>
    <subfield code="d">2023-06-06</subfield>
    <subfield code="l">0</subfield>
    <subfield code="o">920K VINN</subfield>
    <subfield code="p">D05701</subfield>
    <subfield code="r">2023-06-15 00:00:00</subfield>
    <subfield code="w">2023-06-15</subfield>
    <subfield code="y">DB</subfield>
    <subfield code="z">Donated by St Josephs College (Autonomous)</subfield>
  </datafield>
  <datafield tag="952" ind1=" " ind2=" ">
    <subfield code="0">0</subfield>
    <subfield code="1">0</subfield>
    <subfield code="2">ddc</subfield>
    <subfield code="4">0</subfield>
    <subfield code="7">0</subfield>
    <subfield code="8">OTH</subfield>
    <subfield code="a">AL</subfield>
    <subfield code="b">AL</subfield>
    <subfield code="d">2023-06-06</subfield>
    <subfield code="l">0</subfield>
    <subfield code="o">920K VINN</subfield>
    <subfield code="p">D05702</subfield>
    <subfield code="r">2023-06-15 00:00:00</subfield>
    <subfield code="w">2023-06-15</subfield>
    <subfield code="y">DB</subfield>
    <subfield code="z">Donated by St Josephs College (Autonomous)</subfield>
  </datafield>
  <datafield tag="952" ind1=" " ind2=" ">
    <subfield code="0">0</subfield>
    <subfield code="1">0</subfield>
    <subfield code="2">ddc</subfield>
    <subfield code="4">0</subfield>
    <subfield code="7">0</subfield>
    <subfield code="8">OTH</subfield>
    <subfield code="a">AL</subfield>
    <subfield code="b">AL</subfield>
    <subfield code="d">2023-06-06</subfield>
    <subfield code="l">0</subfield>
    <subfield code="o">920K VINN</subfield>
    <subfield code="p">D05704</subfield>
    <subfield code="r">2023-06-15 00:00:00</subfield>
    <subfield code="w">2023-06-15</subfield>
    <subfield code="y">DB</subfield>
    <subfield code="z">Donated by St Josephs College (Autonomous)</subfield>
  </datafield>
</record>
